00478nam a22001577a 450000500170000001000150001702000300003203500140006203700130007608200150008910000180010424500800012226000300020227000530023230000350028520210722110749.0 aENG-129607 a978-81-927999-3-3c990.00 aEN-113139 bDBAD/PUB a309.173092 aReddy, V Rami aFoundations of Physical Anthropology and Human Evolution/cby V. Rami Reddy aTirupatibV.Indira c2018 a8-30,Vidyanagar,bSvunt colony, Tirupatie517502 a246p.c26cm(pbk)bBibliography